Maďarsko.

Odpovede čs. obchodného radcu v Budapešti a maďarského obchodného radcu v Prahe na otázku, ako hodnotia súčasný stav a perspektívy obchodnej a hospodárskej spolupráce medzi ČSFR a Maďarskom.

Gespeichert in:
Bibliographische Detailangaben
1. Verfasser: Priecel, L.
Weitere Verfasser: Gergely, M.
Format: Buchkapitel
Sprache:Tschechisch
Schlagworte:
Tags: Tag hinzufügen
Keine Tags, Fügen Sie das erste Tag hinzu!

MARC

LEADER 00000naa a2200000 4500
001 r004699
005 20221125080100.5
041 0 |a cze 
044 |a [CS] 
245 1 0 |a Maďarsko.  |c L. Priecel, M. Gergely 
520 |a Odpovede čs. obchodného radcu v Budapešti a maďarského obchodného radcu v Prahe na otázku, ako hodnotia súčasný stav a perspektívy obchodnej a hospodárskej spolupráce medzi ČSFR a Maďarskom. 
610 2 0 |a spolupráca hospodárska medzinárodná 
610 2 0 |a MR 
610 2 0 |a ČSFR 
610 2 0 |a obchod medzinárodný 
100 1 |a Priecel, L. 
700 1 |a Gergely, M.